| 000 | 00537nam a2200193Ia 4500 | ||
|---|---|---|---|
| 005 | 20230320100812.0 | ||
| 008 | 131103s9999 xx 000 0 und d | ||
| 020 |
_a9.79E+12 _cRs.70.00 |
||
| 040 | _aLoreto College | ||
| 041 | _aEnglish | ||
| 082 |
_a822.6 _bSHE |
||
| 100 | _aSheridan,Richard Brinsely | ||
| 245 | 4 |
_aThe rivals _cRichard Brinsely Sheridan,with introduction and notes by Robert Herring |
|
| 260 |
_aKolkata _bBooks Way _c2010 |
||
| 300 | _axxviii,131p | ||
| 650 | _aEnglish drama | ||
| 850 | _aLCLIB | ||
| 942 | _cBK | ||
| 999 |
_c37558 _d88037 |
||